House buying in Malaysia

Bibliographic Details
Main Author: Marbeck, A.B
Format: Book
Published: Kuala Lumpur : Berita Publishing Sdn. Bhd. , 1994
Subjects:

MARC

LEADER 00000cam a2200000 7i4500
001 0000008478
002 000009238
005 20000330.0
020 |a 9679693260 
090 0 0 |a 643.1209595   |b MAR 
100 1 |a Marbeck, A.B 
245 1 0 |a House buying in Malaysia   |c A.B.Marbeck 
260 |a Kuala Lumpur :   |b Berita Publishing Sdn. Bhd. ,   |c 1994 
300 |a 216 p. :   |b ill ;   |c 23 cm. 
650 0 0 |a House buying   |z Malaysia 
650 0 0 |a House buying   |z Malaysia   |x Costs 
650 0 0 |a Vendors and purchasers   |z Malaysia 
999 |a 042190   |b BUKU   |c PINJAMAN   |e PERPUSTAKAAN KOMUNITI PETALING JAYA 
999 |a 042191   |b BUKU   |c PINJAMAN   |e PERPUSTAKAAN KOMUNITI PETALING JAYA